[Event "Minsk op"]
[Site "Minsk"]
[Date "2023.11.03"]
[Round "1"]
[White "Shkred, Timofei"]
[Black "Venskaya, Nika"]
[Result "0-1"]
[WhiteElo "1600"]
[BlackElo "1554"]
[PlyCount "120"]
[EventDate "2023.11.03"]
[EventType "swiss"]
[EventRounds "9"]
[EventCountry "BLR"]
[SourceTitle "CB46_2023"]
[SourceDate "2023.11.15"]
[SourceVersion "1"]
[SourceVersionDate "2023.11.15"]
[SourceQuality "1"]

1. d4 Nf6 2. c4 e6 3. Nc3 d5 4. cxd5 exd5 5. Bg5 Be7 6. Nf3 c6 7. e3 h6 8. Bh4 Bf5 9. Bd3 Bxd3 10. Qxd3 0-0 11. 0-0 Nbd7 12. Bg3 Nh5 13. a3 Nxg3 14. hxg3 a5 15. Ne5 Nf6 16. e4 dxe4 17. Nxe4 Nd5 18. Nc3 Nf6 19. Ne4 Qc7 20. Nxf6+ Bxf6 21. Qf5 Rad8 22. Rfd1 Rd5 23. f4 Rfd8 24. Qe4 Qb6 25. Rd2 Rxd4 26. Qe3 c5 27. Rad1 g6 28. Qc3 R8d5 29. Rxd4 cxd4 30. Qc8+ Kg7 31. Nd3 Qb3 32. Qc1 Rd6 33. Nc5 Qd5 34. Nd3 Rc6 35. Qd2 b6 36. b4 Qb3 37. Ne5 Bxe5 38. fxe5 Qxa3 39. bxa5 bxa5 40. Qxd4 Re6 41. Rd3 Qb4 42. Qa1 Qc5+ 43. Kh2 Qxe5 44. Qxe5+ Rxe5 45. g4 a4 46. Ra3 Ra5 47. Kg3 Kf6 48. Rf3+ Ke6 49. Re3+ Kd5 50. Rd3+ Kc4 51. Rf3 a3 52. Rf4+ Kb5 53. Re4 a2 54. Re5+ Kb6 55. Re1 a1Q 56. Rxa1 Rxa1 57. Kf4 Ra4+ 58. Ke5 Rxg4 59. Kf6 Rxg2 60. Kxf7 h5 0-1